| 000 | 00919cam a22003014a 4500 | ||
|---|---|---|---|
| 001 | 12481591 | ||
| 003 | OSt | ||
| 005 | 20161024141236.0 | ||
| 008 | 010725s2002 dcua b 000 0 eng | ||
| 010 | _a 2001044411 | ||
| 020 | _a0821350005 | ||
| 020 | _a1589060601 | ||
| 040 |
_aDLC _cDLC _dDLC |
||
| 042 | _apcc | ||
| 043 | _ad------ | ||
| 050 | 0 | 0 |
_aHC59.72.P6 _bR6 2002 |
| 082 | 0 | 0 |
_a362.5 _221 _bROB 2002 |
| 100 | 1 |
_aRobb, Caroline M., _d1963- _97077 |
|
| 245 | 1 | 0 |
_aCan the poor influence policy? : _bparticipatory poverty assessments in the developing world |
| 250 | _a2nd ed. | ||
| 260 |
_aWashington, D.C. : _bWorld Bank, _c2002. |
||
| 300 |
_axxxiii, 195 p. : _bill. ; _c23 cm. |
||
| 504 | _aIncludes bibliographical references (p. 189-195). | ||
| 650 | 0 |
_aPoverty reduction _97078 |
|
| 650 | 0 |
_apolitica strategies _911240 |
|
| 906 |
_a7 _bcbc _corignew _d1 _eocip _f20 _gy-gencatlg |
||
| 942 |
_2ddc _cSLOAN |
||
| 999 |
_c3169 _d3169 |
||